My early learning box / (Record no. 789316)

MARC details
000 -LEADER
fixed length control field 00761nam a22002177b 4500
003 - CONTROL NUMBER IDENTIFIER
control field 3228
005 - DATE AND TIME OF LATEST TRANSACTION
control field 20251117122228.0
008 - FIXED-LENGTH DATA ELEMENTS--GENERAL INFORMATION
fixed length control field 251117b sa ||||| |||| 00| 0 eng d
020 ## - INTERNATIONAL STANDARD BOOK NUMBER
International Standard Book Number 9781783419531
040 ## - CATALOGING SOURCE
Original cataloging agency MPL
Language of cataloging English
Transcribing agency 3228
Description conventions Resource Description and Access
041 ## - LANGUAGE CODE
Language code of text/sound track or separate title English
082 #0 - DEWEY DECIMAL CLASSIFICATION NUMBER
Classification number 372.21 EARLY
110 ## - MAIN ENTRY--CORPORATE NAME
9 (RLIN) 197805
Corporate name or jurisdiction name as entry element Priddy books
Relator term author
245 ## - TITLE STATEMENT
Title My early learning box /
Statement of responsibility, etc. Priddy books
260 ## - PUBLICATION, DISTRIBUTION, ETC.
Place of publication, distribution, etc. London:
Name of publisher, distributor, etc. Priddy books,
Date of publication, distribution, etc. c2019
300 ## - PHYSICAL DESCRIPTION
Extent 1 box ( 4 board books).:
Other physical details color illustrations;
Dimensions 30 cm
520 ## - SUMMARY, ETC.
Summary, etc. A set of four early learning board books introducing babies to basic concepts such as colors, animals, vehicles, and first words.
650 #0 - SUBJECT ADDED ENTRY--TOPICAL TERM
9 (RLIN) 197813
Topical term or geographic name entry element Early childhood education
710 ## - ADDED ENTRY--CORPORATE NAME
9 (RLIN) 197815
Corporate name or jurisdiction name as entry element Priddy books
Relator term author
942 ## - ADDED ENTRY ELEMENTS
Source of classification or shelving scheme Dewey Decimal Classification
item type Book
-- 5815
-- Pontsho Maoko
-- 5815
-- Pontsho Maoko
Holdings
Withdrawn status Lost status Source of classification or shelving scheme Damaged status Not for loan Collection code Home library Current library Shelving location Date acquired Total Checkouts Full call number Barcode Date last seen Price effective from item type
    Dewey Decimal Classification     300: Social Science KWAMHLANGA REGIONAL LIBRARY ZITHABISENI(BOEKENHOETHOEK) Nursery 17.11.2025   372.21 EARLY 33228031083810 17.11.2025 17.11.2025 Book